<?xml version="1.0" encoding="UTF-8"?><?xml-stylesheet type="text/xsl" href="static/style.xsl"?><OAI-PMH xmlns="http://www.openarchives.org/OAI/2.0/" xmlns:xsi="http://www.w3.org/2001/XMLSchema-instance" xsi:schemaLocation="http://www.openarchives.org/OAI/2.0/ http://www.openarchives.org/OAI/2.0/OAI-PMH.xsd"><responseDate>2026-04-17T12:12:55Z</responseDate><request verb="GetRecord" identifier="oai:www.recercat.cat:10230/34491" metadataPrefix="marc">https://recercat.cat/oai/request</request><GetRecord><record><header><identifier>oai:recercat.cat:10230/34491</identifier><datestamp>2025-12-23T20:52:51Z</datestamp><setSpec>com_2072_6</setSpec><setSpec>col_2072_452954</setSpec></header><metadata><record xmlns="http://www.loc.gov/MARC21/slim" xmlns:dcterms="http://purl.org/dc/terms/" xmlns:xsi="http://www.w3.org/2001/XMLSchema-instance" xmlns:doc="http://www.lyncode.com/xoai" xsi:schemaLocation="http://www.loc.gov/MARC21/slim http://www.loc.gov/standards/marcxml/schema/MARC21slim.xsd">
   <leader>00925njm 22002777a 4500</leader>
   <datafield ind2=" " ind1=" " tag="042">
      <subfield code="a">dc</subfield>
   </datafield>
   <datafield ind2=" " ind1=" " tag="720">
      <subfield code="a">Fornari López, Marcelo</subfield>
      <subfield code="e">author</subfield>
   </datafield>
   <datafield ind2=" " ind1=" " tag="260">
      <subfield code="c">2018-04-26T13:33:35Z</subfield>
   </datafield>
   <datafield ind2=" " ind1=" " tag="260">
      <subfield code="c">2018-04-26T13:33:35Z</subfield>
   </datafield>
   <datafield ind2=" " ind1=" " tag="260">
      <subfield code="c">2016</subfield>
   </datafield>
   <datafield ind2=" " ind1=" " tag="520">
      <subfield code="a">Tutor: Manuel Garín Boronat</subfield>
   </datafield>
   <datafield ind2=" " ind1=" " tag="520">
      <subfield code="a">Treball de l&amp;apos;assignatura: Estètica del cinema contemporani, de primer trimestre del màster en Estudis de Cinema i Audiovisual Contemporanis. Curs 2016-2017</subfield>
   </datafield>
   <datafield ind2=" " ind1=" " tag="520">
      <subfield code="a">Este trabajo busca reflexionar respecto a la posibilidad de hablar de una cierta estética del paracine,&#xd;
es decir, de aquellas obras cinematográficas que se destacan por sus deficiencias formales y el&#xd;
vínculo cultual que generan con su audiencia. La intención es repensar este término desde las&#xd;
características formales de las obras que agrupa, y no a través de la relación con su audiencia.&#xd;
Partiendo del término de Sconce y la estética del exceso que Calabrese identifica en los productos culturales neobarrocos, se buscará problematizar los alcances de esta terminología e identificar las cualidades formales de este tipo de películas, principalmente a través del análisis de The Room (Tommy Wiseau, 2003) y otras películas de cine z, para así poder establecer si es posible hablar de una estética del cine so bad it’s good.</subfield>
   </datafield>
   <datafield ind2=" " ind1=" " tag="520">
      <subfield code="a">This essay studies the possibilities of defining a clear aesthetic of paracinema, namely of those films&#xd;
that differentiate from others because of their formal deficiencies and the cult response they generate&#xd;
in audiences. The goal is to rethink and study the phenomenon of paracinema not according to its&#xd;
conditions of reception but of the formal qualities the movies grouped under this concept present.&#xd;
With Sconce’s foundational text about paracinema and Omar Calabrese’s thoughts on the aesthetics&#xd;
of excess as a starting point, these concepts and their reach will be problematized, with the intention&#xd;
of identifying a series of formal qualities and characteristics that help define this kind of movies,&#xd;
particularly through the study of Tommy Wiseau’s The Room (2003) and other Z movies, in order to&#xd;
try to define a certain so bad it’s good film aesthetics.</subfield>
   </datafield>
   <datafield tag="653" ind2=" " ind1=" ">
      <subfield code="a">Cinema Experimental</subfield>
   </datafield>
   <datafield tag="653" ind2=" " ind1=" ">
      <subfield code="a">The Room-- (Pel·lícula cinematogràfica) -- Crítica i interpretació</subfield>
   </datafield>
   <datafield tag="653" ind2=" " ind1=" ">
      <subfield code="a">Cinema de baix pressupost</subfield>
   </datafield>
   <datafield ind2="0" ind1="0" tag="245">
      <subfield code="a">Un fracaso admirable: hacia una estética del cine “so bad it’s good”</subfield>
   </datafield>
</record></metadata></record></GetRecord></OAI-PMH>